On This Day: May 1st II Quiz Stats

 Plays Quiz Updated May 1, 2018

Score 0/7 Timer 03:00
0 Plays Today
Question Answer Wrong Answers
This solar system object, at one time considered a planet, is officially named.
1930
Pluto
93.6%
Ceres
2%
Titan
3.1%
Makemake
0.4%
The RMS ______ departs from New York on what will be her final crossing of the North Atlantic before being torpedoed off the coast of Ireland six days later.
1915
Lusitania
82.7%
Titanic
9.9%
Britannic
5.2%
Olympic
1.8%
This island in Micronesia is organized as a United States commonwealth.
1950
Guam
81.4%
Fiji
11.2%
New Caledonia
3.6%
Tonga
2.8%
Ten countries join the ______, celebrated at the residence of the Irish President in Dublin.
2004
European Union
76.3%
NATO
6.4%
Schengen Area
6.4%
World Trade Organization
9.6%
In Vienna, Austria, ‘The Marriage of Figaro’ opera by this composer is performed for the first time.
1786
Wolfgang Amadeus Mozart
74.8%
Ludwig van Beethoven
8.5%
Joseph Haydn
6.7%
Johann Sebastian Bach
9.9%
Often the subject of conspiracy theories today, this secret society is founded in Upper Bavaria, with the stated goal of opposing superstition and abuses of state power.
1776
Illuminati
51.6%
Skull and Bones
6.2%
Freemasons
39.1%
Order of the Dragon
3%
This American country singer and actor, known for his crossover-friendly, country pop sound, and albums like ‘Not a Moment Too Soon’, is born.
1967
Tim McGraw
38.1%
Keith Urban
23.6%
Garth Brooks
33%
Dierks Bentley
4.2%

You're not logged in!

Compare scores with friends on all Sporcle quizzes.
OR
Log In

Sporcle TV

Today on Sporcle TV


Watch our educational content, quiz creation guides, and fun videos on Sporcle TV.

Show Comments

Extras

Top Quizzes Today


Score Distribution

Your Account Isn't Verified!

In order to create a playlist on Sporcle, you need to verify the email address you used during registration. Go to your Sporcle Settings to finish the process.

Report this User

Report this user for behavior that violates our Community Guidelines.

Details: